From Void To Vitality: An Aigorinhmic Approach To Urban Voids In Virtual Platforms (Record no. 364767)

MARC details
000 -LEADER
fixed length control field 00432nam a2200133Ia 4500
008 - FIXED-LENGTH DATA ELEMENTS--GENERAL INFORMATION
fixed length control field 250110s9999 xx 000 0 und d
041 ## - LANGUAGE CODE
Language code of text/sound track or separate title eng
100 ## - MAIN ENTRY--PERSONAL NAME
Personal name Bhagwat Shruti
9 (RLIN) 211052
245 ## - TITLE STATEMENT
Title From Void To Vitality: An Aigorinhmic Approach To Urban Voids In Virtual Platforms
260 ## - PUBLICATION, DISTRIBUTION, ETC. (IMPRINT)
Name of publisher, distributor, etc. BNCA-M arch Digital Architecture
Date of publication, distribution, etc. 2024
300 ## - PHYSICAL DESCRIPTION
Extent 93p
500 ## - GENERAL NOTE
Keywords Digital Architecture
700 ## - ADDED ENTRY--PERSONAL NAME
Personal name Guide Name:Sardesai Kaushik
9 (RLIN) 211053
Holdings
Withdrawn status Lost status Damaged status Not for loan Home library Current library Date acquired Total Checkouts Barcode Date last seen Bill Date Koha item type Original Barcode
        Dr. Bhanuben Nanavati College of Architecture Dr. Bhanuben Nanavati College of Architecture 21/11/2024   BNCA-PR-2267 10/01/2025 10/01/2025 Project Reports PR2267